000
00217 a2200097 4500
001
30138
100
_a
Felter P C A
245
_a
Practical workshop Maths
260
_a
London
_b
Odhams Press
_c
090
_c
20087
_d
20087
942
_a
NUST-CAE
_c
M
_c
11211
999
_c
265211
_d
265211